000
00319nam a2200121Ia 4500
008
220204s9999 xx 000 0 und d
082
_a
577.34
_b
ADV.7
245
0
_a
Advances in radiation biology. V 07
260
_a
New York
_b
Academic
_c
1978
650
_a
Ionizing radiation
650
_a
Radiation biology
942
_c
BK
999
_c
28601
_d
28601